| 000 | 00531nam a22001817a 4500 | ||
|---|---|---|---|
| 999 |
_c190960 _d190960 |
||
| 005 | 20220816141814.0 | ||
| 010 | _aENG-134417 | ||
| 020 |
_a978-93-91091-05-7 _c190.00 |
||
| 035 | _aEN-117949 | ||
| 037 | _bDBAD/PUB | ||
| 082 | _a881 | ||
| 100 | _aAnand, Jernail Singh | ||
| 245 |
_aThe Indifferent Fate/ _cJernail Singh Anand |
||
| 260 |
_aHaryana _c2021 _bThe Poetry Society of India |
||
| 270 |
_aH-23/16, DLF Phase-1, Gurugram _bHaryana _e122002 |
||
| 300 |
_a64p. _c20cm(pb) |
||
| 942 |
_2ddc _cEN _h881 _mANA |
||